Every Song by Drive Like Jehu - Statistics

General Stats
  • This quiz has been taken 2 times
  • The average score is 8 of 20
Answer Stats
Album Song % Correct
Yank Crime(Bonus)(2003) Bullet Train to Vegas
100%
Yank Crime(1994) Golden Brown
100%
Yank Crime(Bonus)(2003) Hand Over Fist
100%
Yank Crime(1994) Here Come the Rome Plows
100%
Yank Crime(1994) Luau
100%
Yank Crime(1994) Sinews
100%
Drive Like Jehu(1991) Caress
50%
Yank Crime(1994) Do You Compute
50%
Yank Crime(1994) Super Unison
50%
Drive Like Jehu(1991) Atom Jack
0%
Drive Like Jehu(1991) Future Home of Stucco Monstrosity
0%
Drive Like Jehu(1991) Good Luck in Jail
0%
Yank Crime(1994) Human Interest
0%
Drive Like Jehu(1991) If It Kills You
0%
Yank Crime(1994) New Intro
0%
Yank Crime(1994) New Math
0%
Drive Like Jehu(1991) O Pencil Sharp
0%
Drive Like Jehu(1991) Spikes to You
0%
Drive Like Jehu(1991) Step on Chameleon
0%
Drive Like Jehu(1991) Turn It Off
0%
No matching quizzes found
Score Distribution
Percent of People with Each Score
Percentile by Number Answered
Your Score History
You have not taken this quiz